| 000 | 00592nam a2200205 a 4500 | ||
|---|---|---|---|
| 005 | 20140310183524.0 | ||
| 008 | 110803s19uu xx 00 eng d | ||
| 020 | _a9780495804918 | ||
| 050 |
_aHM 131 _b.F685 2010 |
||
| 100 | _aForsyth, Donelson R. | ||
| 245 |
_aGroup dynamics / _cDonelson R. Forsyth |
||
| 250 | _a5th | ||
| 260 |
_aCalifornia : _bWadsworth-Cengage Learning, _c2010. |
||
| 300 |
_a680 p. : _bill. ; _c23 cm. |
||
| 500 | _aIt includes references, author and subject indeces. | ||
| 521 | _aPSYCH | ||
| 650 | _aSocial groups. | ||
| 942 |
_cBK _2lcc _kFOR |
||
| 999 |
_c24473 _d24473 |
||